000 03055cam a2200277 4500500
005 20251228072545.0
041 _afre
042 _adc
100 1 0 _aHiers, Svetlana
_eauthor
245 0 0 _aL’enfant en crise et la fonction du groupe multifamilial
260 _c2021.
500 _a47
520 _aCet article relate une séance de groupe multifamilial qui débute par l’excitation bruyante d’un petit garçon. L’enfant fait sa « crise » dans le vestibule du centre médico-psychologique. La séance se déroule simultanément à l’intérieur de la salle et à l’extérieur.Les co-thérapeutes s’interrogent sur la façon de gérer le groupe disloqué, qui envahit l’institution. Nous pouvons suivre la progression de la séance à partir du moment de désorganisation groupale, lorsque le groupe investit plusieurs lieux simultanément, jusqu’à sa réorganisation, quand, petit à petit, par les mouvements circulaires de tourbillon, l’équipe peut rassembler ce groupe délocalisé-désintégré dans l’espace thérapeutique unifié.
520 _aThis article presents a multifamily group session which begins with a little boy’s noisy excitation. The child has his “crisis” in the entrance area of the medico-psychological centre. The session unfolds simultaneously inside and outside of the room.The co-therapists wonder how to manage the dislocated group which is invading the institution. We can follow the progression of the session from the moment the group becomes disorganized, when the group occupies several places at once, until it becomes reorganized when, gradually, through circular swirling movements, the team is able to bring together this delocalized-disintegrated group in the unified therapeutic space.
520 _aEste artículo narra una sesión de grupo multifamiliar que comienza con la excitación ruidosa de un niño pequeño. El niño tiene una “crisis” en el vestíbulo del centro médico-psicológico. La sesión se desarrolla simultáneamente dentro y fuera de la sala.Los terapeutas se preguntan cómo lidiar con el grupo dislocado que invade la institución. Podemos seguir la progresión de la sesión desde el momento de la desorganización del grupo, cuando el grupo invierte varios lugares simultáneamente, hasta su reorganización, cuando, poco a poco, mediante movimientos circulares de remolino, el equipo puede unir este grupo. deslocalizado-desintegrado en el espacio terapéutico unificado.
690 _aGroupe multifamilial (gmf)
690 _aidentifications croisées
690 _aindifférenciation psychocorporelle
690 _aséparation
690 _across-identifications
690 _aMultifamily group (gmf)
690 _apsychophysical non-differentiation
690 _aseparation
786 0 _nRevue de psychothérapie psychanalytique de groupe | 76 | 1 | 2021-05-04 | p. 89-101 | 0297-1194
856 4 1 _uhttps://shs.cairn.info/revue-de-psychotherapie-psychanalytique-de-groupe-2021-1-page-89?lang=fr&redirect-ssocas=7080
999 _c1594214
_d1594214